The Reference library user : Problems and solutions

Bibliographic Details
Other Authors: Katz, William A
Format: Book
Published: New York : The Haworth , 1990
Subjects:

MARC

LEADER 00000cam a2200000 7i4500
001 0000001933
002 000002100
005 20000330.0
020 |a 1560240229 
090 0 0 |a 025.52   |b REF 
245 0 4 |a The Reference library user :   |b Problems and solutions   |c Edited by Bill Kate 
260 |a New York :   |b The Haworth ,   |c 1990 
300 |a 151p. ;   |c 22 cm. 
650 0 0 |a Libraries and readers 
650 0 0 |a Reference services (Libraries) 
700 1 |a Katz, William A 
999 |a 033749   |b BUKU   |c RUJUKAN   |e PERPUSTAKAAN KOMUNITI PETALING JAYA